[Event "Lleida Christmas op"]
[Site "Lleida"]
[Date "2022.12.29"]
[Round "5"]
[White "Carabantes Otal, Laia"]
[Black "Luke Brezmes, Cristofer"]
[Result "0-1"]
[WhiteElo "1403"]
[BlackElo "2062"]
[PlyCount "102"]
[EventDate "2022.12.27"]
[EventType "swiss"]
[EventRounds "8"]
[EventCountry "ESP"]
[SourceTitle "CBM 212 Extra"]
[Source "ChessBase"]
[SourceDate "2023.03.31"]
[SourceVersion "1"]
[SourceVersionDate "2023.03.31"]
[SourceQuality "1"]

1. d4 d5 2. c4 c6 3. Nc3 Nf6 4. Nf3 dxc4 5. e4 b5 6. e5 Nd5 7. Be2 Nxc3 8. bxc3 e6 9. 0-0 Bb7 10. a4 a6 11. a5 c5 12. dxc5 Qxd1 13. Rxd1 Bxc5 14. Bg5 Nc6 15. Bf4 Rd8 16. Rxd8+ Kxd8 17. Ng5 Ke7 18. Ne4 Ba7 19. Bg5+ Kd7 20. Rd1+ Kc7 21. Nd6 Nxa5 22. Nxf7 Rf8 23. Bd8+ Kb8 24. Rd7 Bc6 25. Bc7+ Kc8 26. Rd8+ Rxd8 27. Bxd8 Nb7 28. Be7 Kd7 29. Ba3 Bc5 30. Bb2 h6 31. Kf1 a5 32. f4 a4 33. g4 a3 34. Bxa3 Bxa3 35. h4 Ke7 36. Nh8 Be4 37. g5 Bc1 38. gxh6 gxh6 39. h5 Bxf4 40. Kf2 Bxe5 41. Ng6+ Bxg6 42. hxg6 Bxc3 43. Bh5 b4 44. Ke2 b3 45. Bf3 Nd6 46. Kd1 Kf6 47. Bh5 Kg5 48. g7 Bxg7 49. Be2 h5 50. Kc1 h4 51. Bf3 h3 0-1

[Event "ESP-ch U16 Rapid"]
[Site "Salobrena"]
[Date "2022.07.30"]
[Round "1"]
[White "Carabantes Otal, Laia"]
[Black "Habans Aguerrea, Javier"]
[Result "0-1"]
[WhiteElo "1345"]
[BlackElo "1709"]
[PlyCount "84"]
[EventDate "2022.07.30"]
[EventType "swiss (rapid)"]
[EventRounds "9"]
[EventCountry "ESP"]
[SourceTitle "EXT 2023"]
[Source "ChessBase"]
[SourceDate "2022.10.05"]
[SourceVersion "1"]
[SourceVersionDate "2022.10.05"]
[SourceQuality "1"]

1. d4 Nf6 2. c4 e6 3. Nc3 Bb4 4. Bg5 0-0 5. Nf3 h6 6. Bh4 b6 7. e3 Bb7 8. Be2 d6 9. 0-0 Nbd7 10. Rc1 c5 11. Nb5 cxd4 12. Nbxd4 Bc5 13. Nb5 d5 14. b3 Qe7 15. Re1 a6 16. Nc3 dxc4 17. bxc4 Rfd8 18. Nd4 Rac8 19. Qb3 Ne5 20. Red1 Ng6 21. Bg3 Ba8 22. Nf3 Nh5 23. Be5 Bxf3 24. Bxf3 Nxe5 25. Bxh5 Rxd1+ 26. Rxd1 Bb4 27. Ne4 Rxc4 28. Be2 Rxe4 29. Bxa6 Bc5 30. Bd3 Nxd3 31. Qxd3 Ra4 32. Qc2 Ra8 33. g3 Rd8 34. Ra1 Qd6 35. Kg2 Qd2 36. Qe4 Qd5 37. f3 Qxe4 38. fxe4 Bxe3 39. Kf3 Bc5 40. a4 Rd3+ 41. Ke2 Re3+ 42. Kd2 Rxe4 0-1

[Event "Padron Pre-Mundial U12"]
[Site "Padron"]
[Date "2018.09.07"]
[Round "7"]
[White "Alba Vazquez, Sergio"]
[Black "Carabantes Otal, Laia"]
[Result "0-1"]
[WhiteElo "1466"]
[BlackElo "1293"]
[PlyCount "22"]
[EventDate "2018.09.03"]
[EventType "swiss"]
[EventRounds "9"]
[EventCountry "ESP"]
[SourceTitle "EXT 2024"]
[Source "ChessBase"]
[SourceDate "2023.10.10"]
[SourceVersion "1"]
[SourceVersionDate "2023.10.10"]
[SourceQuality "1"]

1. e4 d5 2. d3 dxe4 3. Nc3 exd3 4. Bxd3 Nc6 5. Bb5 Qxd1+ 6. Nxd1 Bd7 7. Nc3 0-0-0 8. Nge2 Nb4 9. Rb1 Bxb5 10. Nxb5 Nxc2+ 11. Kf1 Rd1# 0-1